| 000 | 01083cam a2200289 4500 | ||
|---|---|---|---|
| 008 | 090401t1990 xxu||||| |||| 00| 0 eng d | ||
| 020 | _a0854064346 | ||
| 035 | _a(Sirsi) u49501 | ||
| 041 | _aeng | ||
| 050 | _a692.3 | ||
| 110 |
_aRoyal Institution of Chartered Surveyors _94900 |
||
| 245 | _aCode of measuring practice : a guide for surveyors and valuers | ||
| 250 | _a3rd ed. | ||
| 260 |
_aLondon _bSurveyors Publications _c1990 |
||
| 300 | _a38p. : ill. ; 21cm. | ||
| 350 | _a8.25 | ||
| 520 | _aSUPERSEDED: Replaced by 4th edition 1993. Text identical to 2nd ed. with the addition of a 2 page Statement on Measurement of B1 Buildings. One copy is 1992 reprint. | ||
| 650 | _aB1 | ||
| 650 | _aRICS CODE OF MEASURING PRACTICE | ||
| 650 |
_aMeasurement _96256 |
||
| 650 |
_aRESIDENTIAL PROPERTY _96266 |
||
| 650 | _aSHOPS | ||
| 710 |
_aIncorporated Society of Valuers and Auctioneers _91201 |
||
| 856 |
_uhttps://www.isurv.com/downloads/download/141/code_of_measuring_practice _zArchived on isurv (subscription required) |
||
| 942 |
_n0 _2ddc |
||
| 948 | _c04/03/1997 | ||
| 999 |
_c92570 _d92570 |
||